<?xml version='1.0' encoding='UTF-8'?>
  <record xmlns="http://www.loc.gov/MARC21/slim">
    <leader>00000cam a22000007i 4500</leader>
    <controlfield tag="001">ocm65970885</controlfield>
    <controlfield tag="003">OCoLC</controlfield>
    <controlfield tag="005">20250502002637.5</controlfield>
    <controlfield tag="008">920706s1841    gw            000 0 ger d</controlfield>
    <datafield tag="040" ind1=" " ind2=" ">
      <subfield code="a">NLGGC</subfield>
      <subfield code="b">dut</subfield>
      <subfield code="e">fobidrtb</subfield>
      <subfield code="c">NLGGC</subfield>
      <subfield code="d">OCLCL</subfield>
      <subfield code="d">OCLCQ</subfield>
    </datafield>
    <datafield tag="029" ind1="0" ind2=" ">
      <subfield code="a">NLGGC</subfield>
      <subfield code="b">095880186</subfield>
    </datafield>
    <datafield tag="035" ind1=" " ind2=" ">
      <subfield code="a">(OCoLC)65970885</subfield>
    </datafield>
    <datafield tag="100" ind1="1" ind2=" ">
      <subfield code="a">Zerrenner, Theodor Ferdinand,</subfield>
      <subfield code="d">1777-1840.</subfield>
    </datafield>
    <datafield tag="245" ind1="1" ind2="4">
      <subfield code="a">Der wohlunterrichtete Cur- und Hufschmied :</subfield>
      <subfield code="b">oder gründliche Anweisung zu einem natur- und vernunftgemässen Beschlage gesunder und fehlerhafter Hufe, so wie zu den gewöhnlichsten, bei Pferden vorkommenden Operationen und den dabei anzuwendenden Heilmitteln : nach den besten Quellen und Erfahrungen bearbeitet /</subfield>
      <subfield code="c">von J.F. [=T.F.] Zerrenner.</subfield>
    </datafield>
    <datafield tag="260" ind1=" " ind2=" ">
      <subfield code="a">Weimar :</subfield>
      <subfield code="b">Voigt,</subfield>
      <subfield code="c">1841.</subfield>
    </datafield>
    <datafield tag="300" ind1=" " ind2=" ">
      <subfield code="a">XVI, 159 p., 4 bl. pl. (uitsl.) ;</subfield>
      <subfield code="c">20 cm.</subfield>
    </datafield>
    <datafield tag="336" ind1=" " ind2=" ">
      <subfield code="a">tekst</subfield>
      <subfield code="b">txt</subfield>
      <subfield code="2">rdacontent/dut</subfield>
    </datafield>
    <datafield tag="337" ind1=" " ind2=" ">
      <subfield code="a">zonder medium</subfield>
      <subfield code="b">n</subfield>
      <subfield code="2">rdamedia/dut</subfield>
    </datafield>
    <datafield tag="338" ind1=" " ind2=" ">
      <subfield code="a">band</subfield>
      <subfield code="b">nc</subfield>
      <subfield code="2">rdacarrier/dut</subfield>
    </datafield>
    <datafield tag="490" ind1="0" ind2=" ">
      <subfield code="a">Neuer Schauplatz der Künste und Handwerke ;</subfield>
      <subfield code="v">Bd. 109</subfield>
    </datafield>
    <datafield tag="530" ind1=" " ind2=" ">
      <subfield code="a">Ook beschikbaar in microvorm.</subfield>
    </datafield>
    <datafield tag="758" ind1=" " ind2=" ">
      <subfield code="a">Der wohlunterrichtete Cur- und Hufschmied (Text)</subfield>
      <subfield code="1">https://id.oclc.org/worldcat/entity/E39PD3FQ7d6pVgHXdYhXhWvXQy</subfield>
      <subfield code="4">https://id.oclc.org/worldcat/ontology/hasWork</subfield>
    </datafield>
    <datafield tag="936" ind1=" " ind2=" ">
      <subfield code="a">BATCHLOAD</subfield>
    </datafield>
  </record>